000 00685nam a2200265Ia 4500
005 20260121165616.0
008 008 260114s9999 xx 000 0 eng d
020 _a9783319450117
037 _aEBOOK
040 _aCRL
040 _beng
040 _cCRL
041 _2eng
041 _aeng
084 _qCRL
100 _aHeather Devere, Kelli Te Maih?roa, John P. Synott
_91053828
245 0 _aPeacebuilding and the Rights of Indigenous Peoples
260 _bSpringer
260 _bSpringer
260 _c2017
856 _uhttps://link.springer.com/openurl?genre=book&isbn=978-3-319-45011-7
942 _cEBOOK
999 _c1619554
_d1619554